00646nam a2200217 a 450000100060000000300080000600500170001400800410003103500190007203500140009104000350010504100080014008200180014810000290016624500880019526000370028330000260032050000310034650400200037765100310039734587BD-RjUL20211209052201.0140518s1960 ii 001 0 eng d a(BD-RjUL)34681 a(BD-RjUL) a2509bengc2509d2509dBD-RjUL aeng a954bMAS 19601 aMazumdar, Bhakat Prasad.10aSocio-economic history of Northern India, 1030-1194 A.D. /c Bhakat Prasad Mazumdar aCalcutta :bMukhopadhyay,c1960. axxiii, 417p. ;c23cm. aThesis - Patna University. aIncludes index. 0aIndiaxHistoryy1000-1765.